Score 0/32 Timer 03:00
0 Plays Today
Hint 4-Letter Word % Correct
Truth or ___DARE
97.2%
• Homer Simpson's son •BART
96.5%
Keep money for laterSAVE
96.3%
Reduced priceSALE
95.6%
Release from captivityFREE
95.5%
Actor Christian ___BALE
95.4%
Show off musclesFLEX
95.4%
• Pitt of 'Fight Club' •BRAD
95.3%
NakedBARE
95.2%
• Prehistoric patriarch Flintstone •FRED
95.1%
Badly behaved childBRAT
95%
Run away fromFLEE
94.9%
Item used in many sportsBALL
94.7%
1.6 kilometersMILE
94.6%
• Ernie's muppet roommate •BERT
94.2%
• Chappelle the comic •DAVE
93.3%
Hint 4-Letter Word % Correct
Rhythmic unit in musicBEAT
93.2%
• Myers who voiced Shrek •MIKE
92.7%
ProduceMAKE
91.9%
• O'Reilly on FOX News •BILL
91.2%
Controlled animal offspringsBRED
91%
Grind cornMILL
89.7%
Put things in a suitcasePACK
89.4%
Long thick hairMANE
89.3%
ChoosePICK
87.8%
Cards heldHAND
86.5%
Country roadLANE
83.7%
Finish a flightLAND
78.3%
• Williams the country singer •HANK
78.1%
ChopHACK
76.4%
• 'Roots' author Haley •ALEX
75.6%
• The youngest singing Jonas brother •NICK
75.6%

Today's Daily Dose

Missing Word
Marvin Gaye Songs

Quick Pick
Movies of 2019

Get the Picture
Chinese Cities

You're not logged in!

Compare scores with friends on all Sporcle quizzes.
OR
Log In

Sporcle TV

Today on Sporcle TV


Watch our educational content, quiz creation guides, and fun videos on Sporcle TV.

Show Comments

Extras

Top Quizzes Today


Score Distribution

Your Account Isn't Verified!

In order to create a playlist on Sporcle, you need to verify the email address you used during registration. Go to your Sporcle Settings to finish the process.

Report this User

Report this user for behavior that violates our Community Guidelines.

Details: